|
|
|
|
| LEADER |
00000nab a2200000uu 4500 |
| 001 |
vtls011157732 |
| 003 |
SK-MaSNL |
| 005 |
20260304173635.0 |
| 008 |
230121|1970 xo |||||||||||||||||slo| |
| 015 |
|
|
|a SNBRB
|
| 035 |
|
|
|a (urnnbn)urn:nbn:sk:snk:ar-a0akv6
|
| 035 |
|
|
|a (uuid)da0f466a-a089-4fec-8cc0-9d7a68d06400
|
| 035 |
|
|
|a urn:nbn:sk:snk-abb5px
|
| 040 |
|
|
|a SNKBUCL
|b slo
|c SNKBUCL
|e AACR2
|
| 041 |
0 |
|
|a slo
|
| 044 |
|
|
|a xo
|c SK
|
| 100 |
1 |
|
|a Vanžura, Zdeněk,
|d 1925-1966
|4 aut
|9 218062
|
| 245 |
1 |
0 |
|a PRIEMYSEL A VÝZNAM BOJA PROTI HLUKU
|c Zdeněk Vanžura
|
| 773 |
0 |
|
|t Bezpečná práca : dvojmesačník pre teóriu a prax bezpečnosti práce
|g Roč. 1, č. 2 (1970), s. 6-11
|
| 954 |
|
|
|a odborná, vedecká literatúra pôvodná (slovenská)
|2 lita
|
| 958 |
|
|
|a OND
|
| 958 |
|
|
|a EUIPO
|
| 958 |
|
|
|a article14
|
| 999 |
|
|
|c 3004821
|d 3006751
|